Southville International School and Colleges
Your cart is empty.
  • Cart
  • Lists
    Public lists Eva Luna New books Lux_list list_1
    Your lists Log in to create your own lists
  • Log in to your account
  • Your cookies
  • Search history
Southville International School and Colleges
  • Advanced search
  • Recent comments
  • Most popular
  • Libraries

Log in to your account

Log in with GOOGLE


If you do not have an external account, but do have a local account, you can still log in:

  1. Home
  2. MARC view: Managerial communication :
Normal view MARC view ISBD view

Managerial communication : (Record no. 24403)

[ view plain ]
MARC details
000 -LEADER
fixed length control field 00666nam a2200217 a 4500
003 - CONTROL NUMBER IDENTIFIER
control field SISC
005 - DATE AND TIME OF LATEST TRANSACTION
control field 20170119145824.0
008 - FIXED-LENGTH DATA ELEMENTS--GENERAL INFORMATION
fixed length control field 120614s19uu xx 00 eng d
020 ## - INTERNATIONAL STANDARD BOOK NUMBER
International Standard Book Number 9780071289344
050 ## - LIBRARY OF CONGRESS CALL NUMBER
Classification number HD 30.3
Item number .H997 2011
100 ## - MAIN ENTRY--PERSONAL NAME
Personal name Hynes, Geraldine E.
245 ## - TITLE STATEMENT
Title Managerial communication :
Remainder of title strategies and applications /
Statement of responsibility, etc Geraldine E. Hynes.
250 ## - EDITION STATEMENT
Edition statement 5th edition.
260 ## - PUBLICATION, DISTRIBUTION, ETC. (IMPRINT)
Place of publication, distribution, etc Singapore :
Name of publisher, distributor, etc McGraw-Hill Education Asia,
Date of publication, distribution, etc 2011.
300 ## - PHYSICAL DESCRIPTION
Extent 416 pages :
Dimensions 24 cm.
Other physical details illustrations ;
500 ## - GENERAL NOTE
General note Includes index.
650 ## - SUBJECT ADDED ENTRY--TOPICAL TERM
Topical term or geographic name as entry element Business Communication.
650 ## - SUBJECT ADDED ENTRY--TOPICAL TERM
Topical term or geographic name as entry element Communication in Management.
942 ## - ADDED ENTRY ELEMENTS (KOHA)
Koha item type Books
Source of classification or shelving scheme Library of Congress Classification
Call number prefix Foreign
Holdings
Withdrawn status Lost status Source of classification or shelving scheme Damaged status Home library Current library Shelving location Date acquired Source of acquisition Cost, normal purchase price Total Checkouts Full call number Barcode Date last seen Date checked out Copy number Price effective from Koha item type
    Library of Congress Classification   College Library College Library General Circulation Section 06/14/2012 Donation 2157.00 2 HD 30.3 .H997 2011 C12391 04/11/2024 04/03/2024 1 10/18/2013 Books

Managerial communication :

APA

Hynes G. E., . (2011). Managerial communication. Singapore: McGraw-Hill Education Asia.

Chicago

Hynes Geraldine E, . 2011. Managerial communication. Singapore: McGraw-Hill Education Asia.

Harvard

Hynes G. E., . (2011). Managerial communication. Singapore: McGraw-Hill Education Asia.

MLA

Hynes Geraldine E, . Managerial communication. Singapore: McGraw-Hill Education Asia. 2011.

  • Place hold
  • Print
  • Cite
  • Add to your cart (remove)
  • Save record
    BIBTEX Dublin Core MARCXML MARC (non-Unicode/MARC-8) MARC (Unicode/UTF-8) MARC (Unicode/UTF-8, Standard) MODS (XML) RIS
  • More searches
    Search for this title in:
    Other Libraries (WorldCat) Other Databases (Google Scholar) Online Stores (Bookfinder.com) Open Library (openlibrary.org)

Exporting to Dublin Core...

SOUTHVILLE LIBRARY

Southville International School and Colleges Library

1281 Tropical Ave. Cor. Luxembourg St., BF Homes International, Las Pinas City

Tel. No. 8256374 / 252358 Loc. 117/146

Powered by Koha